<?xml version="1.0" encoding="UTF-8"?>
<record
    xmlns:xsi="http://www.w3.org/2001/XMLSchema-instance"
    xsi:schemaLocation="http://www.loc.gov/MARC21/slim http://www.loc.gov/standards/marcxml/schema/MARC21slim.xsd"
    xmlns="http://www.loc.gov/MARC21/slim">

  <leader>00291nam a2200109Ia 4500</leader>
  <controlfield tag="001">588978</controlfield>
  <controlfield tag="005">20250717120840.0</controlfield>
  <controlfield tag="008">250717s9999    xx            000 0 und d</controlfield>
  <datafield tag="245" ind1=" " ind2="0">
    <subfield code="a">U-9 &#x130;BN&#x130; HEYSEM</subfield>
    <subfield code="c">AY&#x15E;EG&#xDC;L S&#xD6;ZEN DA&#x11E;</subfield>
  </datafield>
  <datafield tag="260" ind1=" " ind2=" ">
    <subfield code="b">T&#xDC;RK&#x130;YE D&#x130;YANET VAKFI YAYINLARI</subfield>
    <subfield code="c">2020</subfield>
  </datafield>
  <datafield tag="300" ind1=" " ind2=" ">
    <subfield code="b">40</subfield>
  </datafield>
  <datafield tag="999" ind1=" " ind2=" ">
    <subfield code="c">588978</subfield>
    <subfield code="d">588978</subfield>
  </datafield>
</record>
